000 00852nam a2200253 a 4500
001 46973
003 BD-RjUL
005 20211209054235.0
008 190418s1967 pk a|||| |||| 00| 0 eng d
035 _a(BD-RjUL)47092
040 _aBD-RjUL
_beng
_cBD-RjUL
_dBD-RjUL
041 _aeng
082 _223
_a330.9549
_bPAP 1967
110 1 _aPakistan.
_bMinistry of Finance Rawalpindi.
_9230873
245 1 0 _aPakistan economic indicators 1966-67 /
_cPakistan. Ministry of Finance Rawalpindi.
246 _aPakistan economic indicators
260 _aRawalpindi :
_bMinistry of Finace Rawalpind,
_c[1967]
300 _a[42], 15 p. :
_bIll. ;
_c25 cm.
500 _a"Cover Title"
650 _aEconomic indicators.
_9230874
650 _aPakistan, economics.
_9230875
650 _aEconomic Conditions
_zPakistan
_y1966-67
_9230876
942 _2ddc
_cRAR
999 _c46973
_d46973